000
00212 a2200097 4500
001
47187
100
_a
Dalderup, L
245
_a
The War in Outline
260
_a
London
_b
Faber & Faber
_c
090
_c
30243
_d
30243
942
_a
NUST-CAE
_c
M
_c
22496
999
_c
282260
_d
282260